01101nam a2200193Ia 4500001001000000003001000010008004100020040002500061041001300086100002000099245001600119250001100135260009200146300001200238500026000250501011400510520026000624650002300884L195-1946IT-CnALBA170116s9999||||xx |||||||||||||| ||und|| aIT-CnALBAcIT-CnALBA aITALIANO aGALILEI GALILEO 0aANTOLOGIA.  a1a ed. a BRESCIAbLA SCUOLA, SOCIETÀ EDITRICE c1941 [1° Ed.:1941 - Ed.Ling.Originale: 1941] a196 p.  aINTRODUZIONE E NOTE DI VANNI ROVIGHI. NOTA BIO BIBLIOGRAFICA. SCIENZA MORALE. GALILEO E BACONE. GALILEO CARTESIO LEIBNIZ. CONCLUSIONE. OPERE DI GALILEO. REAZIONE ALL'ARISTOTELISMO. ESPERIENZE E DISCORSO. NATURA. FISICA MATEMATICA. CONCEZIONE MECCANICISTIC aSocietà San Paolo EM - Piazza San Paolo, 14 - 12051 ALBA (CN) (non commercial uses only) ® Copyright 2017 aINTRODUZIONE E NOTE DI VANNI ROVIGHI. NOTA BIO BIBLIOGRAFICA. SCIENZA MORALE. GALILEO E BACONE. GALILEO CARTESIO LEIBNIZ. CONCLUSIONE. OPERE DI GALILEO. REAZIONE ALL'ARISTOTELISMO. ESPERIENZE E DISCORSO. NATURA. FISICA MATEMATICA. CONCEZIONE MECCANICISTIC aFILOSOFIA ITALIANA